000 00435nam a22001697a 4500
003 NUST - PNEC
005 20170116180931.0
008 150905b xxu||||| |||| 00| 0 eng d
020 _a8121910536
040 _cLIBRARY
082 _a621.302 MEH
100 _98245
_aMehta, V. K.
245 _aPrinciples of electrical engineering
_cV. K. Mehta
260 _cc.1996
650 _98247
_aElectrical Engineering
_xEE
942 _2ddc
_cBK
999 _c65905
_d65905